Bosnia-herzegovina all time starting xi - Statistics

General Stats
  • This quiz has been taken 115 times
    37 since last reset
  • The average score is 6 of 11
Answer Stats
Hint Answer % Correct
FW(2007- Edin Džeko
100%
MF(2008-2024 Miralem Pjanić
93%
GK(2009-2020 Asmir Begović
69%
DF(2013- Sead Kolašinac
62%
FW(2007-2018 Vedad Ibišević
55%
MF(2004-2018 Zvjezdan Misimović
55%
FW(2010-2020 Edin Višća
52%
DF(2003-2018 Emir Spahić
45%
MF(2008-2017 senad Lulić
31%
DF(2013-2025 Ermin Bičakčić
21%
DF(1995-2007 Vedin Musić
0%
No matching quizzes found
Score Distribution
Percent of People with Each Score
Percentile by Number Answered
Your Score History
You have not taken this quiz since the last reset